000 00522nam a22001697a 4500
003 BD-DhUL
005 20170808162743.0
008 170320s1973 ua ||||| |||| 00| 0 ara d
040 _aBD-DhUL
_cBD-DhUL
082 _a928
_bWAA
100 1 _aوافی, علی عبد الواحد
245 1 0 _aعبقریات ابن خلدون /
_cعلی عبد الواحد وافی
260 _aالقاھرہ :
_bعالم الکتب،
_c۱۹۷۳۔
300 _aص۔ ۲۹۱ ؛
_c۲۴سم۔
650 0 _aBiography
942 _2ddc
_cBK
999 _c213241
_d213241